| 000 | 01203nam a22002297a 4500 | ||
|---|---|---|---|
| 005 | 2011052506566.0 | ||
| 008 | 110525t xxu||||| |||| 00| 0 mar d | ||
| 010 | _aMAR-20891 | ||
| 020 | _c250.00 | ||
| 035 | _aMR-13549 | ||
| 037 | _bDBAD / PUB | ||
| 040 |
_aDPL _bMR |
||
| 082 | _a658.8 | ||
| 100 |
_aघाटपांडे,महेश _928233 |
||
| 245 |
_aमार्केटिंग,पब्लिक रिलेशन्स अँण्ड अँडव्हटायझिंग / _cमहेश घाटपांडे तथा योगेन्द्र ठाकूर |
||
| 246 |
_aMarketing,Public Relations and Adertising _bby Mahesh Ghatpande and Yogender Thakur |
||
| 260 |
_aमुंबई _bआमोद प्रकाशन _c2009 |
||
| 270 |
_a58,गोयल ट्रेड सेंटर, बोरिवली (पूर्व) _bमुंबई _e400066 |
||
| 300 |
_a240पृ. _c21 सेमी (अजिल्द) |
||
| 942 |
_2ddc _cMR _mघाटपां _h658.8 |
||
| 999 |
_c52596 _d52596 |
||